000 01133nam a2200217Ia 4500
003 Ost
005 20260507075028.0
008 260507s9999||||xx |||||||||||||| ||und||
040 _cfsecg
041 _aara
082 _a340
100 _aالجمال، مصطفى محمد
_eمؤلف
245 0 _aتجديد النظرية العامة للقانون :
_bنحو توظيف أصول الفقه الإسلامي في بناء أصول القانون /
_c مصطفى محمد الجمال
260 _aالاسكندرية:
_bدار الفتح للطباعة والنشر,
_c2002
300 _a440 صفحة؛
_bإيضاحات ؛
_c24 سم
520 _aتعريف القانون، القواعد القانونية، تحليل القاعدة القانونية، ولاية القواعد القانونية، تصنيف القواعد القانونية، مصادر القواعد القانونية، التشريع و الشرائع الدينية، المصادر الإحتياطية
653 _aالفقه الإسلامي
653 _aالقانون
653 _aالقانون- نظريات
942 _cكتاب
999 _c42366
_d42366